Even Numbers Beat the Clock - Statistics

General Stats
  • This quiz has been taken 16,171 times
    16,157 since last reset
  • The average score is 18 of 25
Answer Stats
Even Number % Correct
2
99%
4
98%
6
97%
8
97%
12
96%
10
95%
14
93%
16
92%
18
91%
20
89%
22
88%
24
86%
26
83%
28
80%
30
74%
32
68%
34
64%
36
58%
38
53%
40
46%
42
38%
44
33%
46
29%
48
25%
50
19%
No matching quizzes found
Score Distribution
Percent of People with Each Score
Percentile by Number Answered
Your Score History
You have not taken this quiz since the last reset